000 00422nam a2200181Ia 4500
001 15908
005 20260306170230.0
008 260306t2011||||xx |||||||||||||| ||und||
041 _aESP
082 _a620.118
_bM63 T. 2
100 _aMiravete, A.
_eAUT
245 0 _aMateriales compuestos
260 _c2011
300 _apáginas 473-953 :
_c24 cm.
650 _aGEN
654 _aCII
942 _cLIB
_dJUS
_fJUS
_2ddc
_n
999 _c15908
_d15908